000 00656nam a2200169 a 4500
001 000037339
005 20200930080312.0
008 120328s1987 sp 000 0 spa d
020 _a8400067096
040 _aDO-SdBNP
_bspa
_cBNPHU
100 1 _aMurcia, Juan
_963807
245 1 0 _aFundamentos para el análisis de estructuras de hormigón armado y pretensado /
_cJuan Murcia.
246 1 4 _aEstructuras de hormigón armado y pretensado
_bFundamentos para el análisis
260 _aMadrid :
_bConsejo Superior de Investigaciones Científicas,
_c1987.
300 _a301 p. :
_bil. ;
_c24 cm.
710 2 _aConsejo Superior de Investigaciones Científicas,
_94786
999 _c36829
_d36829